Central Library OPAC University of Rajshahi

Colloid science / (Record no. 10482)

MARC details
000 -LEADER
fixed length control field 00693cam a22002411 4500
001 - CONTROL NUMBER
control field 10482
003 - CONTROL NUMBER IDENTIFIER
rucl marc code BD-RjUL
005 - DATE AND TIME OF LATEST TRANSACTION
control field 20211208234949.0
008 - FIXED-LENGTH DATA ELEMENTS--GENERAL INFORMATION
fixed length control field 140123s1949 xx 001 0 eng
035 ## - SYSTEM CONTROL NUMBER
System control number (BD-RjUL)10530
040 ## - CATALOGING SOURCE
Original cataloging agency DLC
Transcribing agency FMU
Modifying agency DLC
-- BD-RjUL
Language of cataloging eng
041 ## - LANGUAGE CODE
Language code of text/sound track or separate title eng
082 ## - DEWEY DECIMAL CLASSIFICATION NUMBER
Classification number 541.3452
Author mark and year COL 1949
245 00 - TITLE STATEMENT
Title Colloid science /
Statement of responsibility, etc. Edited by H. R. Kruyt
Number of part/section of a work VOLUME II
260 ## - PUBLICATION, DISTRIBUTION, ETC. (IMPRINT)
Place of publication, distribution, etc. New York :
Name of publisher, distributor, etc. Els. Pub. Com. INC. ,
Date of publication, distribution, etc. 1949
300 ## - PHYSICAL DESCRIPTION
Pagination xix, 753 p. :
Illustrations diagrs. ;
Size 26 cm.
504 ## - BIBLIOGRAPHY, ETC. NOTE
Bibliography, etc Includes index.
650 #0 - SUBJECT ADDED ENTRY--TOPICAL TERM
Topical term or geographic name as entry element Colloids.
9 (RLIN) 32383
700 1# - ADDED ENTRY--PERSONAL NAME
Personal name Rideal, Eric K.
Fuller form of name (Eric Keightley),
Dates associated with a name 1890-
942 ## - ADDED ENTRY ELEMENTS (KOHA)
Source of classification or shelving scheme Dewey Decimal Classification
Koha item type Books
Holdings
Lost status Source of classification or shelving scheme Materials specified (bound volume or other part) Damaged status Not for loan Collection code Permanent Location Current Location Shelving location Date acquired Source of acquisition Cost, normal purchase price Total Checkouts Full call number Date last seen Copy number Koha item type
  Dewey Decimal Classification V-2   Not For Loan Non-fiction Central Library, University of Rajshahi Central Library, University of Rajshahi Reading Room 16/10/1957 Publishers united 68.40   541.3452 COL 1949 23/01/2014 C-1 Books